000 00890nam a2200181Ia 4500
008 090124s9999 xx 000 0 und d
082 _b31245
_a2238
100 _aशिरवाडकर विश्राम
245 _a प्रभावी आणि यशस्वी व्यक्तिमत्व घडविण्याची दहासूत्रे
250 _a1
260 _c2001
300 _a176
600 _aशिरवाडकर विश्राम
630 _a प्रभावी आणि यशस्वी व्यक्तिमत्व घडविण्याची दहासूत्रे
700 _aशिरवाडकर विश्राम
730 _a प्रभावी आणि यशस्वी व्यक्तिमत्व घडविण्याची दहासूत्रे
942 _cBOOK
999 _c144724
_d144724